1064 1415 1921 1096 1881 1171 1933 1536 1656 1756 1276 1775 1646 1352 1652 1357 1238 1535 1927 1953 1880 1718 1020 1241 1613 1705 1885 1335 1474 1606 1626 1843 1735 1022 1009 1469 1098 1702 1440 1797 1940 1943 1982 1353 1966 1582 1922 1454 1803 1318 1451 1702 1974 1670 1346 1468 1968 1109 1688 1405 1422 1243 1412 1000 1174 1026 1105 1175 1132 1494 1311 1764 1372 1228 1336 1713 1621 1101 1654 1247 1420 1454 1002 1605 1474 1613 1061 1063 1249 1493 1925 1342 1161 1578 1545 1644 1098 1490 1727 BCNSPRNW ULIB Ver.6.0+V

เปลี่ยนเป็นภาษาไทย

Change to English
 แสดงรายละเอียดบรรณานุกรม
  กลับหน้าหลัก

Brief Record : Get Marc (ISO 2709) : E-mail record : QR code < ปิดหน้าต่าง
LEADER : 00000nam 2200000uu 4500
001    13399112063
003     ULIB
008    110627s2553||||th 000 0 tha d
020    9786169015369
090    นว.^bไม่พบรหัส 2553
100 0  Aimee, Friedman
245 00 คลื่นรติกาล/^cAimee, Friedman
250    พิมพ์ครั้งที่ 1
260    กรุงเทพฯ :^bปราชญ์เปรียว,^c2553
300    300 หน้า
710 1  ปราชญ์เปรียว
945    ^p250^l0^i028021
995    ทศพร
999 ^a ใช้งานได้ทุกระบบ
รายการนี้ยังไม่มีแท็ก
คุณยังไม่ได้ล็อกอิน คุณสามารถมีกิจกรรมร่วมกับเว็บไซต์ได้ แต่ต้องล็อกอินก่อน ::
  ล็อกอิน

รายการสื่อสารสนเทศ

ลำดับที่ ประเภท เลขเรียก/บาร์โค้ด สถานที่ สถานะ
- ไม่พบข้อมูล -

BibComment


ยังไม่เคยถูกคอมเมนท์

คอมเมนท์ทรัพยากรรายการนี้
  คอมเมนท์: คลื่นรติกาล Aimee..


 Copyright 2026. Bcnsprnw @Library